Inside indian schools: (Record no. 150910)

MARC details
000 -LEADER
fixed length control field 00595nam a22001937a 4500
005 - DATE AND TIME OF LATEST TRANSACTION
control field 20180419094606.0
010 ## - LCCN (DPL NO)
LC control number ENG-122526
020 ## - INTERNATIONAL STANDARD BOOK NUMBER
International Standard Book Number 9789383166251
Terms of availability 850.00
035 ## - SYSTEM CONTROL NUMBER
System control number EN-106058
037 ## - SOURCE OF ACQUISITION
Source of stock number/acquisition DBAD/PUB.
082 ## - DEWEY DECIMAL CLASSIFICATION NUMBER
Classification number 370.954
100 ## - MAIN ENTRY--PERSONAL NAME
Personal name Vimala Ramachandran
245 ## - TITLE STATEMENT
Title Inside indian schools:
Statement of responsibility, etc by Vimala Ramachandran
Remainder of title the enigma of equity and quality /
260 ## - PUBLICATION, DISTRIBUTION, ETC. (IMPRINT)
Place of publication, distribution, etc New Delhi
Name of publisher, distributor, etc Social Science Press
Date of publication, distribution, etc 2018
270 ## - ADDRESS
Address 69, Jor Bagh,
City New Delhi
Postal code 110003
300 ## - PHYSICAL DESCRIPTION
Extent 271p.
Other physical details ill.
Dimensions 22cm.(Hb)
500 ## - GENERAL NOTE
General note Includes index
942 ## - ADDED ENTRY ELEMENTS (KOHA)
Source of classification or shelving scheme Dewey Decimal Classification
Item type English Books
Call number suffix VIM
Classification part 370.954
Holdings
Withdrawn status Lost status Not for loan Collection code Home library Current library Date acquired Source of acquisition Cost, normal purchase price Full call number Barcode Copy number Cost, replacement price Koha item type
    Not For Loan Non-fiction D.B.Act.Division Sarojini Nagar 09/04/2018 DBAD/PUB 850.00 370.954 VIM EN-106058 1 850.00 English Books

© Delhi Public Library
Hit Counter
free hit counter